000 00997cam a22003133a 4500
001 4660
003 PGUSA
005 20140828083103.0
008 031101s2003||||xxu|||||s|||||000 1 eng d
040 _aPGUSA
_beng
042 _adc
050 4 _aPS
050 4 _aPZ
100 1 _aAlger, Horatio,
_d1832-1899
245 1 0 _aTimothy Crump's Ward :
_bA Story of American Life
_h[electronic resource] /
_cHoratio Alger
260 _bProject Gutenberg,
_c2003
506 _aPublic domain in the USA.
516 _aElectronic text
653 _aDetective and mystery stories
653 _aNew York (N.Y.) -- History -- 1775-1865 -- Fiction
653 _aKidnapping -- Fiction
653 _aCounterfeits and counterfeiting -- Fiction
653 _aConduct of life -- Fiction
653 _aPhiladelphia (Pa.) -- History -- 19th century -- Fiction
653 _aFoundlings -- Fiction
830 0 _aProject Gutenberg
_v4660
856 4 0 _uhttp://www.gutenberg.org/ebooks/4660
942 _cEB
999 _c233989
_d233989